000 00611cab a2200241 4500
001 WB2549-56
008 090401t1989 xxu||||| |||| 00| 0 eng d
035 _a(Sirsi) u23946
041 _aeng
245 _aLegal reform
260 _c1989
350 _a0
490 _aTimes
_v8/12/89 p38-39(2) LOAN
520 _aA report on the major changes proposed in the Legal Services Bill .
650 _aCONVEYANCING
650 _aLAW SOCIETY
650 _aLEGAL PROFESSION
650 _aMULTI-DISCIPLINARY PRACTICES
690 _aLAW
690 _aSPECIAL REPORTS
942 _n0
948 _c04/03/1997
999 _c16033
_d16033